Design of steel structures / (Record no. 5227)
[ view plain ]
| 000 -LEADER | |
|---|---|
| fixed length control field | 00365cam a2200145ua 4500 |
| 041 ## - LANGUAGE CODE | |
| Language code of text/sound track or separate title | eng |
| 082 ## - DEWEY DECIMAL CLASSIFICATION NUMBER | |
| Classification number | 624.1821 |
| Item number | ARY/DE |
| 100 ## - MAIN ENTRY--AUTHOR NAME | |
| Personal name | Arya, Anand S . |
| 245 ## - TITLE STATEMENT | |
| Title | Design of steel structures / |
| 260 ## - PUBLICATION, DISTRIBUTION, ETC. (IMPRINT) | |
| Place of publication | Roorkee : |
| Name of publisher | Nem Chand And Bros , |
| Year of publication | 1994. |
| 300 ## - PHYSICAL DESCRIPTION | |
| Number of Pages | 947 ; . |
| 942 ## - ADDED ENTRY ELEMENTS (KOHA) | |
| Koha item type | Books |
| Withdrawn status | Lost status | Damaged status | Home library | Current library | Date acquired | Full call number | Accession Number | Koha item type |
|---|---|---|---|---|---|---|---|---|
| KAUAET | KAUAET | 07/04/2012 | 624.1821 | 19002 | Books |
